| 000 | 00773nam a2200241 a 4500 | ||
|---|---|---|---|
| 001 | BRL_723 | ||
| 005 | 20190320210852.0 | ||
| 008 | 300913m19311963au-o######---#000-0#fre-# | ||
| 041 | _afre | ||
| 044 | _aau | ||
| 050 | 4 |
_aPQ150 _b.G73 1931 |
|
| 245 | 1 | 0 |
_aLes grands Ecrivains de la France _cM. Gratacap, A. Mager |
| 250 | _a4a ed. | ||
| 260 |
_aWien _bHölder-Pichler-Tempsky A.G. _c1931-1932 |
||
| 300 |
_a2v. _bil. _c23 cm. |
||
| 500 | _av.1 Au798, v.2 Au797 | ||
| 505 | 0 | _av.1 Vom 17 Jahrhundert bis zur Mitte des 19. Jahrhunderts - v.2 Von der Mitte des 19. Jahrhunderts bis in die Gegenwart. | |
| 650 | 1 | 4 |
_aLiteratura francesa _xHistoria y crítica _924753 |
| 700 | 1 |
_aGratacap, Marc _924754 |
|
| 700 | 1 |
_aMager, Adolf _924755 |
|
| 902 | _aGRL | ||
| 942 |
_2lcc _cB |
||
| 999 |
_c9535 _d9535 |
||